| 000 | 00458nam a2200145Ia 4500 | ||
|---|---|---|---|
| 008 | 191111s9999 xx 000 0 und d | ||
| 020 | _a9780749476823 | ||
| 100 | _aArmstrong, Michael. | ||
| 245 |
_cMichael Armstrong.-- _aArmstrong's handbookof strategic human resource management / |
||
| 250 | _a6th ed | ||
| 260 |
_aUSA : _bKogan Page _c2016 |
||
| 300 | _ax, 265 pages. | ||
| 650 | _aBusiness and economics -- management | ||
| 650 | _aPersonnel management | ||
| 999 |
_c362591 _d362591 |
||